[Event "POL-ch U16"]
[Site "Chotowa"]
[Date "2009.04.02"]
[Round "8"]
[White "Tomczyk, Szymon"]
[Black "Polok, Kacper"]
[Result "1/2-1/2"]
[WhiteElo "1754"]
[BlackElo "2058"]
[PlyCount "62"]
[EventDate "2009.03.28"]
[EventType "swiss"]
[EventRounds "11"]
[EventCountry "POL"]
[SourceTitle "EXT 2011"]
[Source "ChessBase"]
[SourceDate "2010.11.26"]
[SourceVersion "1"]
[SourceVersionDate "2010.11.26"]
[SourceQuality "1"]

1. d4 Nf6 2. c4 e6 3. Nc3 Bb4 4. f3 d5 5. a3 Be7 6. Be3 0-0 7. Bf2 Nbd7 8. e4 dxe4 9. fxe4 e5 10. d5 Bc5 11. b4 Bxf2+ 12. Kxf2 a5 13. Be2 axb4 14. axb4 Rxa1 15. Qxa1 Nh5 16. g3 g6 17. Bxh5 gxh5 18. Nf3 f5 19. Kg2 f4 20. Ne2 Qf6 21. gxf4 Qg6+ 22. Kf2 Nf6 23. Nxe5 Qxe4 24. h3 Bf5 25. Rg1+ Bg6 26. Nxg6 hxg6 27. Qb1 Qxb1 28. Rxb1 Ra8 29. Rb3 b5 30. cxb5 Nxd5 31. Kf3 Re8 1/2-1/2

[Event "POL-ch U16"]
[Site "Chotowa"]
[Date "2009.03.30"]
[Round "4"]
[White "Brzezinski, Mateusz"]
[Black "Tomczyk, Szymon"]
[Result "0-1"]
[WhiteElo "1931"]
[BlackElo "1754"]
[PlyCount "66"]
[EventDate "2009.03.28"]
[EventType "swiss"]
[EventRounds "11"]
[EventCountry "POL"]
[SourceTitle "EXT 2011"]
[Source "ChessBase"]
[SourceDate "2010.11.26"]
[SourceVersion "1"]
[SourceVersionDate "2010.11.26"]
[SourceQuality "1"]

1. c4 e5 2. Nc3 Nc6 3. g3 f5 4. Bg2 Nf6 5. e3 Be7 6. Nge2 0-0 7. 0-0 Qe8 8. d3 d6 9. Rb1 Qh5 10. f4 Ng4 11. h3 Nf6 12. b4 Bd8 13. a4 e4 14. Nd5 Re8 15. b5 Na5 16. Qd2 c6 17. Nxf6+ gxf6 18. Ba3 Bb6 19. Nd4 c5 20. Nb3 Nxb3 21. Rxb3 Be6 22. Qc3 Qf7 23. Rc1 Qg6 24. Kh2 Kf7 25. dxe4 Rg8 26. Qe1 fxe4 27. g4 h5 28. f5 Bxf5 29. Qf2 hxg4 30. hxg4 Qxg4 31. Rf1 Rg5 32. Rb2 Rh8+ 33. Kg1 Qh5 0-1

[Event "POL-chT U19 2nd League"]
[Site "Lublin"]
[Date "2007.07.12"]
[Round "8"]
[White "Maciag, Bartosz"]
[Black "Tomczyk, Szymon"]
[Result "0-1"]
[WhiteElo "1837"]
[BlackElo "1816"]
[PlyCount "76"]
[EventDate "2007.07.07"]
[EventType "team-swiss"]
[EventRounds "11"]
[EventCountry "POL"]
[SourceTitle "EXT 2010"]
[Source "ChessBase"]
[SourceDate "2010.11.25"]
[SourceVersion "1"]
[SourceVersionDate "2010.11.25"]
[SourceQuality "1"]
[WhiteTeam "Makowiec PUKS U19"]
[BlackTeam "Nowy Sacz Sandecja U19"]
[WhiteTeamCountry "POL"]
[BlackTeamCountry "POL"]

1. e4 d5 2. exd5 Nf6 3. d4 Nxd5 4. c4 Nb6 5. Nc3 g6 6. Nf3 Bg4 7. Be3 Bg7 8. c5 Nd5 9. Bc4 Nxe3 10. fxe3 0-0 11. 0-0 Nc6 12. a3 Bh6 13. Qe1 e6 14. Kh1 Bxf3 15. Rxf3 Ne7 16. Rd1 Nd5 17. e4 Nxc3 18. Qxc3 Bg7 19. e5 b6 20. Bb3 Qe7 21. Rc1 b5 22. Rcf1 c6 23. Rf4 a5 24. Qh3 Ra7 25. Rh4 h6 26. Rhf4 Rc7 27. Qg4 h5 28. Qf3 Bh6 29. Re4 Bg5 30. g3 Kg7 31. h4 Bh6 32. Qf2 a4 33. Bc2 f5 34. exf6+ Qxf6 35. Rxe6 Qxf2 36. Rxg6+ Kh7 37. Rxc6+ Qxc2 38. Rxc7+ Kg6 0-1